Statistics for Paris Saint-Germain F.C. 2019/2020 Squad

Click here to take the quiz!

General Stats

  • This quiz has been taken 157 times
    (126 since last reset)
  • The average score is 20 of 30

Answer Stats

No.Answer% Correct
7France (FW)Kylian Mbappé
100%
10Brazil (FW)Neymar
99%
1Costa Rica (GK)Keylor Navas
98%
11Argentina (MF)Ángel Di María
97%
9Uruguay (FW)Edinson Cavani
96%
2Brazil (DF)Thiago Silva
93%
6Italy (MF)Marco Verratti
93%
5Brazil (DF)Marquinhos
92%
3France (DF)Presnel Kimpembe
88%
-Germany (MAN)Thomas Tuchel
80%
18Argentina (FW)Mauro Icardi
78%
8Argentina (MF)Leandro Paredes
78%
23Germany (MF)Julian Draxler
74%
12Belgium (DF)Thomas Meunier
74%
27Senegal (MF)Idrissa Gueye
74%
14Spain (DF)Juan Bernat
72%
4Germany (DF)Thilo Kehrer
72%
21Spain (MF)Ander Herrera
66%
16Spain (GK)Sergio Rico
65%
19Spain (MF)Pablo Sarabia
62%
17Cameroon (FW)Eric Maxim Choupo-Moting
61%
20France (DF)Layvin Kurzawa
51%
31France (DF)Colin Dagba
49%
22France (DF)Abdou Diallo
46%
25Netherlands (DF)Mitchel Bakker
38%
30Poland (GK)Marcin Bułka
38%
35France (DF)Tanguy Kouassi
23%
40France (GK)Garissone Innocent
16%
36France (DF)Loïc Mbe Soh
15%
38France (MF)Adil Aouchiche
15%

Score Distribution

Percentile by Number Answered

Percent of People with Each Score

Your Score History

You have not taken this quiz since the last reset